Disney on Broadway Quiz Stats

 Plays Quiz Updated Apr 17, 2018

Also try: Yoda Does Broadway
Challenge
Share
Tweet
Embed
Score 0/8 Timer 01:30
0 Plays Today
Disney Films on Broadway % Correct
The Lion King
91.5%
Beauty and the Beast
82.2%
The Little Mermaid
69.7%
Aladdin
60.9%
Mary Poppins
47.6%
Tarzan
32.2%
Frozen
31.6%
Newsies
24.3%

You're not logged in!

Compare scores with friends on all Sporcle quizzes.
OR
Log In

You Might Also Like...

Show Comments

Extras

Top Quizzes Today


Score Distribution

Your Account Isn't Verified!

In order to create a playlist on Sporcle, you need to verify the email address you used during registration. Go to your Sporcle Settings to finish the process.

Report this User

Report this user for behavior that violates our Community Guidelines.

Details: